000 01387cam a2200361 a 4500
001 18820665
005 20241025135045.0
008 151016s2006 enka bf 001 0 eng c
020 _a1583918531
_q(hbk.)
020 _a9781583918531
_q(hbk.)
020 _a158391854X
_q(pbk.)
020 _a9781583918548
_q(pbk.)
050 0 0 _aRC467.2
_b.H34 2006
245 0 4 _aThe handbook of adult clinical psychology :
_ban evidence-based practice approach /
_cedited by Alan Carr and Muireann McNulty.
260 _aLondon ;
_aNew York :
_bRoutledge,
_c2006.
300 _axxiii, 1072 pages :
_billustrations ;
_c24 cm
500 _aIncludes references and Index
650 0 _aClinical psychology
_vHandbooks, manuals, etc.
650 1 2 _aMental Disorders
_xtherapy.
650 2 2 _aEvidence-Based Medicine
_xmethods.
650 2 2 _aPsychology, Clinical
_xmethods.
650 2 2 _aPsychotherapy
_xmethods.
650 4 _aMental disorders
_xTherapy.
650 4 _aPsychology, Clinical
_xMethods.
650 4 _aPsychotherapy
_xMethods.
650 4 _aEvidence-based medicine
_xMethods.
650 6 _aPsychologie clinique
_vGuides, manuels, etc.
650 7 _aClinical psychology.
_2fast
_0(OCoLC)fst00864407
700 1 _aCarr, Alan,
_d1957-
700 1 _aMcNulty, Muireann.
856 4 2 _3Publisher description
_uhttp://catdir.loc.gov/catdir/enhancements/fy0654/2005054294-d.html
942 _2lcc
_cBK
_n0
999 _c196
_d196